Tribhuvan University Central Library
Normal view MARC view
  • Development psychology

Entry Topical Term

Number of records used in: 2

001 - CONTROL NUMBER

  • control field: 17312

003 - CONTROL NUMBER IDENTIFIER

  • control field: OSt

005 - DATE AND TIME OF LATEST TRANSACTION

  • control field: 20110215174654.0

008 - FIXED-LENGTH DATA ELEMENTS

  • fixed length control field: 110215|||a|||||| | ||| d

040 ## - CATALOGING SOURCE

  • Original cataloging agency: OSt
  • Transcribing agency: OSt

150 ## - HEADING--TOPICAL TERM

  • Topical term or geographic name as entry element: Development psychology

670 ## - SOURCE DATA FOUND

  • Source citation: Work cat.: (OSt): Flavell, John Hurley, 1923- 17311, The developmental psychology of Jean Piaget , 1963

670 ## - SOURCE DATA FOUND

  • Source citation: Work cat.: (OSt): Flavell, John Hurley, 1923- 17311, The developmental psychology of Jean Piaget , 1963